000 00936nam a2200289 4500
003 EG-GICUC
005 20260331113037.0
008 260331s1905 fr ||||fr|||| 00| 0 fredd
040 _aEG-GiCUC
_bfre
_cEG-GiCUC
_dEG-GiCUC
_eRda
041 0 _afre
082 0 4 _221
_a341.851
_bLA . R
092 0 4 _221
099 _aLaw1 12 341.851 LA . R 1905
100 1 _aLapradelle, A. de
_eAuteur
245 1 0 _aRecueil des arbitrages internationaux.
_nTome Premier,
_b1798 - 1855 /
_cA. de Lapradelle, N. Politis.
264 1 _aParis :
_bA. Pedone,
_c1905.
300 _a863 page ;
_c 24 cm.
336 _2rda contenu
_a texte
337 _2rda medias
_aOrdinateur
338 _2 transporteur rda
_a Ressource en ligne
546 _aTexte en français
650 1 4 _aPublic international law
700 1 _aPolitis, N.
_eCo-Auteur
856 4 0 _uhttps://fll.law.cu.edu.eg/fulltext/bks/B12-02734.pdf
905 _a30
942 _2ddc
_cBK
_e21
_n0
999 _c67774
_d67774